000 00442pab a2200133 454500
008 180718b xxu||||| |||| 00| 0 eng d
100 _aAkram-Lodhi A. Haroon
245 _aAgrarian classes in Pakistan: an empiriical test of Patnaik's labour exploitation criterion
362 _a20(4), Jul 1993, p.557-89
650 _a Peasant Uprising -- Pakistan
650 _aLand Tenure -- Pakistan
773 _aJournal of Peasant Studies
909 _a26858
999 _c26858
_d26858